2020-21 UEFA Nations League League A Starting XI - Statistics

General Stats
  • This quiz has been taken 147 times
  • The average score is 71 of 176
Answer Stats
Team Player % Correct
Italy Gianluigi Donnarumma
92%
Poland Robert Lewandowski
86%
Belgium Romelu Lukaku
84%
Portugal Cristiano Ronaldo
81%
Italy Leonardo Bonucci
81%
England Harry Kane
80%
Croatia Luka Modrić
80%
England Jordan Pickford
79%
France Kylian Mbappé
79%
France Hugo Lloris
78%
Germany Manuel Neuer
78%
Belgium Thorgan Hazard
78%
Netherlands Virgil van Dijk
78%
Netherlands Frenkie de Jong
77%
Denmark Kasper Schmeichel
77%
Belgium Kevin De Bruyne
77%
Netherlands Luuk de Jong
77%
Denmark Christian Eriksen
76%
Croatia Duje Ćaleta-Car
76%
England Kyle Walker
76%
France N'Golo Kanté
76%
France Paul Pogba
75%
France Antoine Griezmann
74%
Netherlands Memphis Depay
74%
England Harry Maguire
73%
France Olivier Giroud
73%
Belgium Jan Vertonghen
72%
Portugal Rui Patrício
72%
France Benjamin Pavard
70%
Belgium Toby Alderweireld
70%
Spain David de Gea
69%
England Raheem Sterling
69%
Belgium Axel Witsel
68%
Portugal Bernardo Silva
68%
Bosnia & Herzegovina Miralem Pjanić
68%
Portugal Pepe
68%
France Raphaël Varane
68%
Poland Wojciech Szczęsny
68%
France Lucas Hernández
66%
Croatia Ivan Perišić
65%
Italy Lorenzo Insigne
64%
Switzerland Yann Sommer
64%
Spain Sergio Ramos
62%
Germany Serge Gnabry
61%
Belgium Thomas Meunier
61%
Italy Jorginho
60%
Germany Leroy Sané
60%
Belgium Simon Mignolet
60%
Belgium Dries Mertens
59%
Germany Leon Goretzka
59%
Croatia Mateo Kovačić
59%
Spain Sergio Busquets
58%
England Trent Alexander-Arnold
58%
Spain Ferrán Torres
57%
Netherlands Jasper Cillessen
57%
Portugal João Cancelo
57%
Spain Pau Torres
57%
England Declan Rice
56%
Germany Niklas Süle
56%
Poland Piotr Zieliński
56%
Portugal Rúben Dias
56%
Germany Timo Werner
56%
Portugal Bruno Fernandes
55%
Netherlands Georginio Wijnaldum
55%
Italy Nicolò Barella
54%
Switzerland Granit Xhaka
53%
Poland Kamil Glik
53%
Germany Toni Kroos
53%
Netherlands Daley Blind
52%
Denmark Simon Kjær
52%
Belgium Youri Tielemans
51%
Portugal João Félix
50%
Sweden Marcus Berg
50%
Portugal Raphaël Guerreiro
50%
Spain Rodri
50%
Netherlands Stefan de Vrij
50%
Denmark Andreas Christensen
49%
France Presnel Kimpembe
49%
Denmark Yussuf Poulsen
49%
France Adrien Rabiot
48%
England Mason Mount
48%
England Kieran Trippier
47%
Portugal William Carvalho
47%
Germany Antonio Rüdiger
46%
England Jadon Sancho
46%
Italy Alessandro Florenzi
44%
Croatia Dominik Livaković
44%
Portugal Danilo Pereira
43%
Italy Francesco Acerbi
43%
Sweden Robin Olsen
43%
Italy Andrea Belotti
42%
Croatia Dejan Lovren
42%
Switzerland Manuel Akanji
42%
Ukraine Oleksandr Zinchenko
42%
Germany İlkay Gündoğan
41%
Sweden Emil Forsberg
40%
Italy Emerson Palmieri
39%
Belgium Jason Denayer
39%
Switzerland Breel Embolo
35%
Ukraine Andriy Yarmolenko
34%
Switzerland Haris Seferović
33%
Italy Manuel Locatelli
33%
Ukraine Andriy Pyatov
32%
Spain Ansu Fati
32%
Denmark Kasper Dolberg
32%
Italy Lorenzo Pellegrini
32%
Denmark Martin Braithwaite
32%
Poland Grzegorz Krychowiak
31%
Spain José Luis Gayà
31%
Germany Matthias Ginter
31%
Denmark Thomas Delaney
31%
Sweden Victor Lindelöf
31%
Netherlands Marten de Roon
30%
Switzerland Ricardo Rodríguez
29%
England Eric Dier
28%
Denmark Pierre Højbjerg
28%
Spain Dani Olmo
27%
Poland Jan Bednarek
25%
Germany Robin Gosens
25%
Sweden Dejan Kulusevski
24%
Netherlands Quincy Promes
24%
Denmark Daniel Wass
23%
Switzerland Nico Elvedi
23%
Switzerland Remo Freuler
23%
Ukraine Roman Yaremchuk
21%
Bosnia & Herzegovina Sead Kolašinac
21%
Sweden Albin Ekdal
18%
Sweden Seb Larsson
17%
Sweden Kristoffer Olsson
16%
Croatia Mario Pašalić
16%
Croatia Nikola Vlašić
16%
Spain Jesús Navas
15%
Netherlands Hans Hateboer
14%
Sweden Mikael Lustig
14%
Denmark Robert Skov
14%
Switzerland Djibril Sow
13%
Bosnia & Herzegovina Edin Višća
13%
Iceland Albert Guðmundsson
12%
Croatia Borna Barišić
12%
Croatia Josip Brekalo
12%
Ukraine Ruslan Malinovskyi
12%
Spain Mikel Merino
10%
Iceland Birkir Bjarnason
9%
Iceland Hannes Þór Halldórsson
9%
Poland Kamil Jóźwiak
9%
Poland Mateusz Klich
9%
Poland Sebastian Szymański
9%
Poland Tomasz Kędziora
9%
Switzerland Silvan Widmer
8%
Bosnia & Herzegovina Rade Krunić
7%
Switzerland Steven Zuber
7%
Poland Arkadiusz Reca
6%
Croatia Filip Uremović
6%
Sweden Pontus Jansson
6%
Iceland Sverrir Ingi Ingason
6%
Iceland Hörður Magnússon
5%
Ukraine Eduard Sobol
3%
Bosnia & Herzegovina Gojko Cimirot
3%
Bosnia & Herzegovina Ibrahim Šehić
3%
Ukraine Illia Zabarnyi
3%
Bosnia & Herzegovina Amer Gojak
2%
Iceland Ari Freyr Skúlason
2%
Bosnia & Herzegovina Armin Hodžić
2%
Iceland Birkir Már Sævarsson
2%
Iceland Jón Daði Böðvarsson
2%
Ukraine Mykola Matviyenko
2%
Ukraine Oleksandr Karavayev
2%
Ukraine Oleksandr Zubkov
2%
Ukraine Serhiy Sydorchuk
2%
Bosnia & Herzegovina Darko Todorović
1%
Iceland Hjörtur Hermannsson
1%
Sweden Pierre Bengtsson
1%
Bosnia & Herzegovina Siniša Saničanin
1%
Iceland Victor Pálsson
1%
Bosnia & Herzegovina Dennis Hadzikadunic
0%
Iceland Rúnar Már Sigurjónsson
0%
No matching quizzes found
Score Distribution
Percent of People with Each Score
Percentile by Number Answered
Your Score History
You have not taken this quiz